Normal view
MARC view
- المجتمع العربي
Entry Topical Term
001 - CONTROL NUMBER
- control field: 13654
003 - CONTROL NUMBER IDENTIFIER
- control field: JO-AjAnu
005 - DATE AND TIME OF LATEST TRANSACTION
- control field: 20230606072501.0
008 - FIXED-LENGTH DATA ELEMENTS
- fixed length control field: 230606|| aca||aabn | a|a d
040 ## - CATALOGING SOURCE
- Original cataloging agency: JO-AjAnu
- Transcribing agency: JO-AjAnu
150 ## - HEADING--TOPICAL TERM
- Topical term or geographic name entry element: المجتمع العربي
670 ## - SOURCE DATA FOUND
- Source citation: Work cat.: (JO-AjAnu)7023: الانصاري، محمد جابر, author 13653, تجديد النهضة باكتشاف الذات ونقدها: دعوة لتشخيص الموروث المجتمعي العربي واعادة تأسيس الثقافة العربية لعصر تنوير جديدة